000 00639nam a2200121Ia 4500
008 220615s9999||||xx |||||||||||||| ||und||
100 _aClapson, Mark
245 4 _aThe Blitz Companion
_bAerial Warfare, Civilians and the City since 1911
546 _aEnglish[eng]
650 _aBlitz||aerial warfare||air raids and civilians||Second World War||bombing||commemoration
856 _uhttps://library.oapen.org/bitstream/20.500.12657/25144/1/the-blitz-companion.pdf||https://library.oapen.org/bitstream/20.500.12657/25144/1/the-blitz-companion.pdf||https://library.oapen.org/bitstream/20.500.12657/25144/1/the-blitz-companion.pdf
942 _cEB
999 _c15658
_d15658